000 00757nam a2200253 a 4500
001 72437
003 BD-RjUL
005 20211209082248.0
008 170518r19691968enkaf b 001 0 eng
020 _a0340050810
020 _a0340050802 (pbk.)
035 _a(BD-RjUL)72655
040 _aBD-RjUL
_beng
_cBD-RjUL
041 _aeng
082 _223
_a572.46
_bFOP 1969
100 1 _aFogg, G. E.
_q(Gordon Elliott),
_d1919-2005.
_9214241
245 1 0 _aPhotosynthesis /
_cG. E. Fogg
260 _aLondon :
_bThe English universities press ltd.,
_c1968, [Second impression 1969]
300 _axii, 116 p. :
_bill. ;
_c22 cm.
490 1 _aModern Biology
504 _aIncludes bibliography and index
650 0 _aPhotosynthesis
_9214242
942 _2ddc
_cBK
999 _c72437
_d72437